000 00222 a2200097 4500
001 47858
100 _aJesman C
245 _aThe Ethiopian Paradox
260 _aLondon
_bOxford University Press
_c
090 _c30854
_d30854
942 _aNUST-CAE
_cM
_c23174
999 _c282931
_d282931